| 000 | 00658nam a2200193Ia 4500 | ||
|---|---|---|---|
| 008 | 151119s9999||||xx |||||||||||||| ||und|| | ||
| 082 | _a823.91 | ||
| 082 | _bGKKV30777 | ||
| 100 | _a"तेजोमायानंद, स्वामी" | ||
| 245 | _aअद्वैत मकरंद १९९२ | ||
| 260 | _aमुंबई | ||
| 260 | _b- | ||
| 260 | _c0 | ||
| 600 | _a"तेजोमायानंद, स्वामी" | ||
| 630 | _aअद्वैत मकरंद १९९२ | ||
| 700 | _a"तेजोमायानंद, स्वामी" | ||
| 730 | _aअद्वैत मकरंद १९९२ | ||
| 942 | _cBOOK | ||
| 999 |
_c1083106 _d1083103 |
||